India : Staff Report for 2014 Article IV Consultation.

This 2014 Article IV consultation highlights an expected slowdown of growth in India, to 4.6 percent this fiscal year, the lowest in a decade, reflecting global developments and domestic supply constraints. Headline consumer price index inflation is expected to remain near double digits for the rema...

Ամբողջական նկարագրություն

Մատենագիտական մանրամասներ
Համատեղ հեղինակ: International Monetary Fund. Asia and Pacific Dept
Ձևաչափ: Ամսագիր
Լեզու:English
Հրապարակվել է: Washington, D.C. : International Monetary Fund, 2014.
Շարք:IMF Staff Country Reports; Country Report ; No. 2014/057
Առցանց հասանելիություն:Full text available on IMF
LEADER 01897cas a2200241 a 4500
001 AALejournalIMF014241
008 230101c9999 xx r poo 0 0eng d
020 |c 5.00 USD 
020 |z 9781484308257 
022 |a 1934-7685 
040 |a BD-DhAAL  |c BD-DhAAL 
110 2 |a International Monetary Fund.  |b Asia and Pacific Dept. 
245 1 0 |a India :   |b Staff Report for 2014 Article IV Consultation. 
264 1 |a Washington, D.C. :  |b International Monetary Fund,  |c 2014. 
300 |a 1 online resource (95 pages) 
490 1 |a IMF Staff Country Reports 
500 |a <strong>Off-Campus Access:</strong> No User ID or Password Required 
500 |a <strong>On-Campus Access:</strong> No User ID or Password Required 
506 |a Electronic access restricted to authorized BRAC University faculty, staff and students 
520 3 |a This 2014 Article IV consultation highlights an expected slowdown of growth in India, to 4.6 percent this fiscal year, the lowest in a decade, reflecting global developments and domestic supply constraints. Headline consumer price index inflation is expected to remain near double digits for the remainder of the fiscal year. The current account deficit is narrowing, driven by a significant improvement in exports, robust remittance flows, and a rapid decline in gold imports. Nonetheless, India has very little room to adopt countercyclical policies. It is constrained by persistently high inflation and sizable fiscal and external imbalances. High and persistent inflation is a key macroeconomic challenge facing India. Further increases in the policy rate will be necessary to tackle high inflation and inflation expectations. 
538 |a Mode of access: Internet 
830 0 |a IMF Staff Country Reports; Country Report ;  |v No. 2014/057 
856 4 0 |z Full text available on IMF  |u http://elibrary.imf.org/view/journals/002/2014/057/002.2014.issue-057-en.xml  |z IMF e-Library